00757nam a2200181 a 450000100100000000500170001000800410002704000250006810000320009324500780012526000360020330000200023958600740025904900090033395201050034295201110044799900170055800002809320200930031337.0110406s1987 dr 000 0 spa d aDO-SdBNPbspacBNPHU1 aPacheco, Juan Rafael93687910aPadre Luis Quinn :bsemblanza de su filantropía /cJuan Rafael Pacheco. aSanto Domingo:aCENAPEC,c1987. a13 p. ;c21 cm. aConsejo nacional del premio APEC de Filantropía Dr. Heriberto Piter aBNPD 0010718PDaPDbPDcCTd2011-04-06iLF1l0o p28093-10r2020-06-25w2020-06-25yLFPDZNo se presta 0010718PDaPDbPDcCTd2011-04-27iLF1l0o p28093-30r2020-06-25te. 2w2020-06-25yLFPDZNo se presta c27585d27585